=LDR 00000nam 2200000 4500 =001 INLIS000000000037498 =005 20130612143229 =008 ***********************************Ind** =035 ##$$0010-061300000037498 =041 ##$$a Ind =082 ##$$a 641.5 =090 ##$$a 641.5, Pri p =100 ##$$a Priyatni,Dewi =245 ##$$a Pastel tutup, Dewi Priyatni; Editor,Intarina Hardiman =260 ##$$a 2010 $b Jakarta =300 ##$$a 47 hlm, Ilus, 21 cm =650 ##$$a Masakan (pastel) - Resep =700 ##$$a Hardiman, Intarina =850 ##$$a NBPNMAT =990 ##$$a 21602903/BPAP-NTB/2017